Globalizácia, nová ekonomika a podnikové informačné systémy

Pojem globalizácia v ekonomickej teórii. Základné atribúty e-ekonomiky. Fenomén internet a podnikové informačné systémy. Nová ekonomika a podniková sféra. Digitalizácia ekonomických procesov. Prednosti a riziká novej ekonomiky. Šance transformujúcich sa krajín v podmienkach novej ekonomiky. Dôvody z...

Full description

Saved in:
Bibliographic Details
Main Author: Závodný, Peter
Other Authors: Chudá, Daniela
Format: Book Chapter
Language:Slovak
Subjects:
Tags: Add Tag
No Tags, Be the first to tag this record!

MARC

LEADER 00000naa$a2200000$$$4500
001 0051419
005 20240502071612.2
041 0 |a slo 
044 |a SK 
245 1 0 |a Globalizácia, nová ekonomika a podnikové informačné systémy  |c Peter Závodný, Daniela Chudá 
520 |a Pojem globalizácia v ekonomickej teórii. Základné atribúty e-ekonomiky. Fenomén internet a podnikové informačné systémy. Nová ekonomika a podniková sféra. Digitalizácia ekonomických procesov. Prednosti a riziká novej ekonomiky. Šance transformujúcich sa krajín v podmienkach novej ekonomiky. Dôvody zaostávania vo využití internetu transformujúcich sa krajín. 
610 2 0 |a systémy informačné podnikové 
610 2 0 |a globalizácia 
610 2 0 |a ekonomika nová 
610 2 0 |a internet 
610 2 0 |a prostredie podnikateľské 
610 2 0 |a prostredie podnikové 
610 2 0 |a technológie informačné 
610 2 0 |a technológie komunikačné 
610 2 0 |a technológie nové 
100 1 |a Závodný, Peter 
700 1 |a Chudá, Daniela